000 00439pab a2200169 454500
008 180718b2007 xxu||||| |||| 00| 0 eng d
100 _aDash, Satya Prakash
245 _aDevelopment and poverty in an Indian state: a study of KBK districts of Orissa
260 _c2007
300 _ap.76-98.
362 _aJun
650 _aPoverty - India - Orissa
650 _aPoverty
773 _aSocial Change
908 _aN
909 _a75523
999 _c75523
_d75523